Home information pack blueprint (Record no. 73009)
[ view plain ]
| 000 -LEADER | |
|---|---|
| fixed length control field | 01279cam a2200229 4500 |
| 001 - CONTROL NUMBER | |
| control field | WB3926-12 |
| 008 - FIXED-LENGTH DATA ELEMENTS--GENERAL INFORMATION | |
| fixed length control field | 030708n2003 000 0 eng u |
| 035 ## - SYSTEM CONTROL NUMBER | |
| System control number | (Sirsi) u122957 |
| 245 ## - TITLE STATEMENT | |
| Title | Home information pack blueprint |
| 260 ## - PUBLICATION, DISTRIBUTION, ETC. | |
| Date of publication, distribution, etc. | 2003 |
| 490 ## - SERIES STATEMENT | |
| Series statement | RICS News Service |
| Volume/sequential designation | 2 July 2003 (2) |
| 520 ## - SUMMARY, ETC. | |
| Summary, etc. | RICS has responded to the government's consultation on the contents of the home information pack (HIP). RICS supports the inclusion of a core set of information and a home condition report, with nothing in the pack being optional. Responses to standard searches should be no more than three months old at the time marketing commences. The new system must be properly regulated with significant additional resources provided to achieve it. The full response is available at http://www.rics.org/ricscms/bin/show?class=Policy&template=/includes/showpolicy.html&id=778. http://www.rics.org/ricscms/bin/show?class=News&template=/includes/shownews.html&id=6329&faculty=RICS |
| 590 ## - LOCAL NOTE (RLIN) | |
| Local note | WB |
| 650 ## - SUBJECT ADDED ENTRY--TOPICAL TERM | |
| Topical term or geographic name entry element | HOME INFORMATION PACKS |
| 650 ## - SUBJECT ADDED ENTRY--TOPICAL TERM | |
| Topical term or geographic name entry element | HOME CONDITION REPORTS |
| 650 ## - SUBJECT ADDED ENTRY--TOPICAL TERM | |
| Topical term or geographic name entry element | PROPERTY SEARCHES |
| 650 ## - SUBJECT ADDED ENTRY--TOPICAL TERM | |
| Topical term or geographic name entry element | COMPLAINTS HANDLING PROCEDURES |
| 650 ## - SUBJECT ADDED ENTRY--TOPICAL TERM | |
| Topical term or geographic name entry element | PROPERTY MARKETING |
| 650 ## - SUBJECT ADDED ENTRY--TOPICAL TERM | |
| Topical term or geographic name entry element | RESIDENTIAL PROPERTY |
| 9 (RLIN) | 6266 |
| 690 ## - LOCAL SUBJECT ADDED ENTRY--TOPICAL TERM (OCLC, RLIN) | |
| Topical term or geographic name as entry element | HOUSING-OWNER OCCUPIED |
| 942 ## - ADDED ENTRY ELEMENTS (KOHA) | |
| Suppress in OPAC | 0 |
| Withdrawn status | Lost status | Source of classification or shelving scheme | Damaged status | Not for loan | Home library | Current library | Shelving location | Date acquired | Total Checkouts | Full call number | Barcode | Date last seen | Copy number | Price effective from | Koha item type |
|---|---|---|---|---|---|---|---|---|---|---|---|---|---|---|---|
| Dewey Decimal Classification | London | London | News article | 08/07/2003 | WB3926-12 | 122957-1001 | 06/08/2019 | 1 | 06/08/2019 | News article |